Normal view
MARC view
- Ciencias sociales
Entry Materia
001 - NÚMERO DE CONTROL DEL REGISTRO
- campo de control: 8320
003 - IDENTIFICADOR DE NUMERO DE CONTROL
- campo de control: MX-MxUPN
005 - FECHA Y HORA DE LA ÚLTIMA TRANSACCIÓN
- campo de control: 20220831095931.0
008 - DATOS DE LONGITUD FIJA
- campo de control de longitud fija: 220523n||acznnbabn | ana |d
035 ## - NÚMERO DE CONTROL DEL SISTEMA
- Número de control del sistema: UPN10000008326
040 ## - FUENTE DE LA CATALOGACIÓN
- Centro catalogador de origen: MX-MxUPN
- Lengua de catalogación: spa
- Agencia de transcripción: MX-MxUPN
046 ## - FECHAS CON CODIFICACIÓN ESPECIAL
- Fecha final para contenidos agregados: 0
150 ## - ENCABEZAMIENTO - TEMÁTICO
- Término de materia o nombre geográfico como elemento inicial: Ciencias sociales
- Subdivisión de materia general: Estudio y enseñanza (Secundaria)
670 ## - FUENTE EN LA QUE SE LOCALIZARON DATOS
- Cita de la fuente: Catálogo de autoridades de la Biblioteca del Congreso (Estados Unidos), 23 mayo 2022:
- Información localizada: (Social sciences--Study and teaching (Secondary)
902 ## - CATALOGADOR
- Catalogador: CAA/020996
902 ## - CATALOGADOR
- Catalogador: VRC/230522
